Kanały TVP - Statystyki

Ogólne statystyki
  • Ten quiz został rozwiązany 999 razy
    990 od ostatniego zresetowania
  • Średni wynik to 9 z 14
Statystyki odpowiedzi
TVP Odpowiedź % Poprawnych
TVP 1
98%
TVP 2
98%
TVP 3
96%
TVP INFO
75%
TVP HISTORIA
74%
TVP SPORT
70%
TVP KULTURA
68%
TVP ABC
61%
TVP POLONIA
54%
TVP ROZRYWKA
54%
TVP SERIALE
52%
TVP HD
40%
TVP 4K
10%
TVP PARLAMENT
9%
Nie znaleziono quizów pasujących do podanych kryteriów
Rozkład punktacji
Procent ludzi z każdym wynikiem
Percentyl według liczby udzielonych odpowiedzi
Twoja historia wyników
Nie rozwiązałeś tego quizu od ostatniego zresetowania